paroles interpol - Maes - Statistiques

Statistiques générales
  • Ce quiz a été pris 174 fois
  • Le résultat moyen est 107 sur 244
Statistiques - réponses
Réponse % Correct
La
91%
la
91%
a
88%
à
88%
de
84%
Interpol
80%
sur
78%
Le
72%
par
71%
les
63%
Y
61%
y
61%
avant
59%
international
59%
Ce
58%
Trafic
58%
mes
57%
nos
57%
soir
56%
imagine
55%
Sang
55%
donc
54%
Faut
54%
police
54%
asics
53%
Mille
53%
mille
53%
peine
52%
piges
52%
qui
52%
Et
50%
et
50%
trente
50%
j'suis
49%
que
49%
Que
49%
Richard
49%
têtes
49%
pas
46%
Paul
45%
comme
44%
Des
44%
des
44%
Omerta
44%
Deux
43%
deux
43%
fichées
43%
nationale
43%
Trois
43%
trois
43%
vie
43%
47
41%
rappelle
41%
continue
40%
farine
40%
v'là
40%
condés
39%
d'finir
38%
Fresnes
38%
j'me
38%
J'vesqui
38%
l'arrêt
38%
ou
38%
raclis
38%
terrain
37%
d'sortie
36%
terre
36%
mi-temps
34%
sinon
34%
comment
33%
Comment
33%
fleurir
33%
plus
33%
Top
33%
camés
32%
dans
32%
parmi
32%
payer
32%
Boy
31%
m'appellent
31%
Dix
30%
dommages
30%
eu'
30%
intérêts
30%
kill'
30%
montants
30%
armes
29%
d'bus
29%
J'compte
29%
l'chômage
29%
orties
29%
billets
28%
pâle
27%
liasses
26%
m'interpellent
26%
un
24%
empilées
23%
n'connait
23%
n'connaît
23%
canons
22%
col
22%
oh
22%
Oh
22%
ton
22%
RS4
21%
cowboy
20%
d'frappe
20%
touche
20%
Qu'on
19%
ballots
18%
d'bol
18%
t'auras
18%
sciés
17%
gris
16%
moi
16%
outillé
16%
est
15%
l'temps
15%
Toujours
15%
Dis
14%
d'crier
13%
J'remonte
13%
l'scooter
13%
m'fier
13%
ouh
13%
Ouh
13%
t'as
13%
t'étais
13%
piou
6%
Aucun quiz correspondant
Distribution des résultats
% des personnes avec chaque résultat
Percentile par nombre de réponses
Votre historique - résultats
Vous n’avez pas pris ce quiz